Péťa poznává barvy a zvuky / (Záznam č. 34261)

Podrobnosti MARC
000 -Návěští
Řídící pole kódované 24B 00995nam a2200289 i 4500
001 - Kontrolní číslo
Řídící pole proměnné nkc20263750383
003 - Identifikátor kontrolního čísla
Řídící pole proměnné CZ PrNK
005 - Datum posledního zpracování
Řídící pole 16B 20260507092306.0
007 - Pole pevné délky pro fyzický popis
Řídící pole kódované ta
008 - Údaje pevné délky
Řídící pole kódované 40B 260504s2026 xr a 000 1 cze
020 ## - ISBN
ISBN 9788028416966
040 ## - Zdroj katalogizace-agentura
Agentura původní katalogizace ABG001
Jazyk katalogizace cze
Použitá pravidla popisu rda
041 1# - Kód jazyka
Kód jazyka textu/zvuku, mezititulků cze
Kód jazyka originálu pol
100 1# - Hlavní záhlaví - osobní jméno autora
Osobní jméno Galewska-Kustra, Marta
Kód role aut
9 (RLIN) 16664
240 10 - Unifikovaný název
Unifikovaný název <a href="Pucio poznaje kolory i dźwięki.">Pucio poznaje kolory i dźwięki.</a>
Jazyk díla Česky
245 10 - Údaje o názvu
Název Péťa poznává barvy a zvuky /
Údaj o odpovědností, atd. Marta Galewska-Kustra ; ilustrace Joanna Kłos ; z polského originálu Pucio poznaje kolory i dźwięki ... přeložila Anna Šašková Plasová
250 ## - Údaje o vydání
Označení vydání Vydání první
264 #1 - Nakladatelské údaje
Místo vydání Praha :
Nakladatel Euromedia Group, a.s.,
Rok vydání 2026
300 ## - Fyzický popis
Rozsah 30 nečíslovaných stran :
další fyzické údaje barevné ilustrace ;
Rozměry 14 cm
490 1# - Údaje o edici
Údaje o edici Pikola
500 ## - Všeobecná poznámka
Text obecné poznámky Kartonové listy
700 1# - Vedlejší záhlaví - osobní jméno autora
Osobní jméno Kłos, Joanna
Kód role ill
9 (RLIN) 16665
700 1# - Vedlejší záhlaví - osobní jméno autora
Osobní jméno Šašková Plasová, Anna
Kód role trl
9 (RLIN) 16475
710 2# - Vedlejší záhlaví - jméno korporativního autora
Jméno korporace nebo jurisdikce Euromedia Group
Kód role pbl
9 (RLIN) 20440
910 ## - Údaje o vlastníkovi jednotky (exempláře)
Sigla vlastníka jednotky ABG508
Jednotky
Stav ztráty Zdroj klasifikace pro skladování Stav poškození
  Universal Decimal Classification  

Používáme knihovní systém Koha